00794nam a2200241Ia 450000100060000000300090000600800410001504000130005604000130006904100120008210000180009410000290011224500850014124500320022625000110025826000130026926000170028226000490029930000590034850000710040765000430047865000310052117590IT-RoPAU130308s9999 xx 000 0 und d aIT-RoPAU cIT-RoPAU aINGLESE aSchwartz Jack gCodice Aut. SPICS: 1433 aMorality Seekers (The): a Study of Organized Film Criticism in the United States bViolence And The Mass Media a1a ed. aNEW YORK bHarper & Row c1968 [1° Ed.:1968 - Ed.Ling.Originale:1960] a"15 p. (prefazione: no ; testo: 15 [pagine: 189-203])" aInvestigatori della Moralità€ Critica Organizzata dei Film in Usa aPSICOLOGIA DELLA COMUNICAZIONE SOCIALE eCodice materia Spics: 3805